000 00307nam a2200109Ia 4500
008 220204s9999 xx 000 0 und d
082 _a347.715
_bIND
245 0 _aIndustries (Development and Regulation) Act, 1951
260 _aDelhi
_bManager of Publications
_c1962
650 _aIndustries acts
942 _cBK
999 _c19296
_d19296